000
00292nam a2200109 4500
008
160624b xxu||||| |||| 00| 0 eng d
100
_9
947
_a
Grossinger, P
245
_a
The Art of Jewish Cooking
260
_a
N.Y
_b
Bantam Books
_c
1958
300
_a
The Art of Jewish Cooking
942
_2
ddc
_c
BK
999
_c
752
_d
752